| 000 | 01025 a2200205 4500 | ||
|---|---|---|---|
| 003 | Nust | ||
| 005 | 20221019135449.0 | ||
| 010 | _a 94037372 | ||
| 020 | _a0201409097 (pbk.) | ||
| 035 | _a(DLC) 94037372 | ||
| 040 | _cNust | ||
| 082 | 0 | 0 | _a620.00420285,GIB |
| 100 | 1 |
_aFane, Bill. _975527 |
|
| 245 | 1 | 0 |
_aAutoCAD essentials : _ban unintimidating introduction to AutoCAD and AutoCAD LT / _cBill Fane. |
| 260 |
_aReading, Mass. : _bAddison-Wesley, _cc1995. |
||
| 300 |
_ax, 214 p. : _bill. ; _c24 cm. |
||
| 505 | _aGetting Started (Page-1), Entity Creation (Page-15), Display Commands (Page-35), Editing (Page-49), Drawing Aids (Page-73), Layers, Colors and Line Types (Page-87), Text and DTEXT (Page-99), Dimensioning (Page-113), Polylines and Polyline Editing (Page-131), More Entities (Page-147), Cross-Hatching (Page-161), Blocks and Attributes (Page-173), Drawing Scales Inquiry Commands and Units (Page-189), Customizing and System Management (Page-201). | ||
| 650 | 0 |
_aComputer graphics. _91225 |
|
| 942 |
_2ddc _cBK |
||
| 999 |
_c182701 _d182701 |
||